Mass media and the national development (Record no. 82694)
[ view plain ]
| 000 -LEADER | |
|---|---|
| fixed length control field | 00719nam a2200157 a 4500 |
| 008 - FIXED-LENGTH DATA ELEMENTS--GENERAL INFORMATION | |
| fixed length control field | 120416s1964 ||||||||||||||||| || u |
| 050 ## - LIBRARY OF CONGRESS CALL NUMBER | |
| Classification number | P 91 Sch |
| 100 ## - MAIN ENTRY--PERSONAL NAME | |
| Personal name | Schramm, Wilbur |
| 245 10 - TITLE STATEMENT | |
| Title | Mass media and the national development |
| 246 ## - | |
| -- | the role of information in the developing countries |
| 260 ## - PUBLICATION, DISTRIBUTION, ETC. | |
| Place of publication, distribution, etc. | Stanford, Calif. |
| Name of publisher, distributor, etc. | Stanford University Press |
| Date of publication, distribution, etc. | 1964 |
| 300 ## - PHYSICAL DESCRIPTION | |
| Extent | xiv, 333p. |
| 350 ## - | |
| -- | 0.00 |
| 995 ## - | |
| -- | ANNEX COLLECTION (Main Library) |
| -- | 0.00 |
| -- | 712439 |
| -- | CBU-MAIN LIBRARY (Kitwe) |
| -- | 1 |
| -- | 4.95 |
| -- | P 91 Sch |
| -- | 1 |
| -- | AVAILABLE |
| -- | 010424 |
| -- | Annex Low-Usage Collection |
| 995 ## - | |
| -- | ANNEX COLLECTION (Main Library) |
| -- | 0.00 |
| -- | 712475 |
| -- | CBU-MAIN LIBRARY (Kitwe) |
| -- | 2 |
| -- | 4.95 |
| -- | P 91 Sch |
| -- | 2 |
| -- | AVAILABLE |
| -- | 010423 |
| -- | Annex Low-Usage Collection |
| 999 ## - | |
| -- | 82694 |
| -- | 82694 |
| Withdrawn status | Lost status | Source of classification or shelving scheme | Damaged status | Not for loan | Permanent Location | Current Location | Shelving location | Date acquired | Total Checkouts | Full call number | Barcode | Date last seen | Copy number | Price effective from | Koha item type |
|---|---|---|---|---|---|---|---|---|---|---|---|---|---|---|---|
| CBU-MAIN LIBRARY, KITWE. | CBU-MAIN LIBRARY, KITWE. | 09/29/2023 | P 91 Sch | 010424 | 09/29/2023 | 1 | 09/29/2023 | MONOGRAPH | |||||||
| CBU-MAIN LIBRARY, KITWE. | CBU-MAIN LIBRARY, KITWE. | 09/29/2023 | P 91 Sch | 010423 | 09/29/2023 | 2 | 09/29/2023 | MONOGRAPH |